|
|
|
|
| LEADER |
00000cam a2200000 7i4500 |
| 001 |
0000309727 |
| 005 |
20240403142321.0 |
| 006 |
a ###e ### 000 1 |
| 008 |
230914s2022 my e 000 1may d |
| 020 |
|
|
|a 9789672456353
|
| 040 |
|
|
|a MBPJ
|b eng
|c MBPJ
|e rda
|
| 090 |
0 |
0 |
|a F
|b ASA
|
| 100 |
0 |
|
|a A. Samad Said ,
|e author
|
| 245 |
1 |
0 |
|a SALINA :
|b KOMBO DENGAN LANGIT PETANG & HUJAN PAGI
|c A. Samad Said
|
| 264 |
|
1 |
|a Kajang, Selangor :
|b NUHA CREATIVE RESOURCES
|c 2022
|
| 300 |
|
|
|a 1088 pages ;
|c 23 cm.
|
| 336 |
|
|
|a text
|2 rdacontent
|
| 337 |
|
|
|a unmediated
|2 rdamedia
|
| 338 |
|
|
|a volume
|2 rdacarrier
|
| 650 |
|
0 |
|a Malay fiction
|
| 999 |
|
|
|a 00409601
|b BUKU
|c PINJAMAN
|e PERPUSTAKAAN KOMUNITI PETALING JAYA
|
| 999 |
|
|
|a 00409602
|b BUKU
|c PINJAMAN
|e PERPUSTAKAAN KOMUNITI CAW BANDAR UTAMA
|